000
00322nam a2200133Ia 4500
008
220216s9999 xx 000 0 und d
100
_a
Jacob J
245
0
_a
Valaprayoga suparsa-Online aayum mobile app vazhiyum
260
_b
Rubber
_c
2017
300
_a
13-Oct
650
_a
Mobile app
650
_a
RubSis
942
_c
JS
999
_c
72048
_d
72048